Devinez le Département Mystère #4 - Statistiques

Statistiques générales
  • Ce quiz a été pris 379 fois
  • Le résultat moyen est 26 sur 36
Statistiques - réponses
Type de Réponse Réponse % Correct
Lettre Trouvée E
100%
Lettre Trouvée R
100%
Lettre Trouvée I
99%
Lettre Trouvée N
99%
Lettre Trouvée O
99%
Lettre Trouvée A
98%
Lettre de l'Alphabet D
97%
Lettre de l'Alphabet S
97%
Lettre Trouvée L
96%
Lettre de l'Alphabet T
94%
Lettre de l'Alphabet H
93%
Lettre Trouvée U
92%
Lettre de l'Alphabet C
89%
Lettre de l'Alphabet V
88%
Lettre de l'Alphabet M
86%
Lettre de l'Alphabet Y
77%
Lettre de l'Alphabet B
76%
Lettre de l'Alphabet G
75%
Lettre de l'Alphabet P
75%
Lettre de l'Alphabet F
65%
Lettre de l'Alphabet Q
58%
Lettre de l'Alphabet J
57%
Lettre de l'Alphabet Z
57%
Lettre de l'Alphabet X
52%
Lettre Bien Placée A
48%
Lettre Bien Placée É
48%
Lettre Bien Placée I
48%
Lettre de l'Alphabet K
48%
Lettre Bien Placée L
48%
Département Mystère La Réunion
48%
Lettre Bien Placée N
48%
Lettre Bien Placée N
48%
Lettre Bien Placée O
48%
Lettre Bien Placée R
48%
Lettre Bien Placée U
48%
Lettre de l'Alphabet W
48%
Aucun quiz correspondant
Distribution des résultats
% des personnes avec chaque résultat
Percentile par nombre de réponses
Votre historique - résultats
Vous n’avez pas pris ce quiz